Mahal power and pageantry in the mughal harem / (Record no. 172312)
[ view plain ]
| 000 -LEADER | |
|---|---|
| fixed length control field | 00608nam a22001937a 4500 |
| 005 - DATE AND TIME OF LATEST TRANSACTION | |
| control field | 20200131130307.0 |
| 010 ## - LCCN (DPL NO) | |
| LC control number | ENG-127616 |
| 020 ## - INTERNATIONAL STANDARD BOOK NUMBER | |
| International Standard Book Number | 9789388322546 |
| Terms of availability | 599.00 |
| 035 ## - SYSTEM CONTROL NUMBER | |
| System control number | EN-111148 |
| 037 ## - SOURCE OF ACQUISITION | |
| Source of stock number/acquisition | DBAD/PUB |
| 082 ## - DEWEY DECIMAL CLASSIFICATION NUMBER | |
| Classification number | 954.025 |
| 100 ## - MAIN ENTRY--PERSONAL NAME | |
| Personal name | Gupta,Subhadra sen |
| 245 ## - TITLE STATEMENT | |
| Title | Mahal power and pageantry in the mughal harem / |
| Remainder of title | by Subhadra Sen Gupta |
| 260 ## - PUBLICATION, DISTRIBUTION, ETC. (IMPRINT) | |
| Place of publication, distribution, etc | Gurugram |
| Name of publisher, distributor, etc | Hachette India |
| Date of publication, distribution, etc | 2019 |
| 270 ## - ADDRESS | |
| City | Gurugram |
| Address | 4th & 5th floor , corporate centre, plot no-94,sector-44 |
| Postal code | 122003 |
| 300 ## - PHYSICAL DESCRIPTION | |
| Extent | 288p. |
| Other physical details | 21cm(hb) |
| 500 ## - GENERAL NOTE | |
| General note | include index |
| 942 ## - ADDED ENTRY ELEMENTS (KOHA) | |
| Source of classification or shelving scheme | Dewey Decimal Classification |
| Item type | English Books |
| Classification part | 954.025 |
| Call number suffix | GUP |
| Withdrawn status | Lost status | Not for loan | Collection code | Home library | Current library | Date acquired | Source of acquisition | Cost, normal purchase price | Full call number | Barcode | Copy number | Cost, replacement price | Koha item type |
|---|---|---|---|---|---|---|---|---|---|---|---|---|---|
| Non-fiction | Sarojini Nagar | Sarojini Nagar | 31/01/2020 | DBAD/PUB | 599.00 | 954.025 GUP | EN-111148 | 1 | 599.00 | English Books |
